| 000 | 00541cam a2200193 a 4500 | ||
|---|---|---|---|
| 020 | _a0697258904 | ||
| 040 | _cDLC | ||
| 082 | 0 | 0 | _a613 BRO 1997 A046 Or. |
| 100 | 1 | _aCorbin, Charles B. | |
| 245 | 1 | 0 | _aConcepts of physical fitness, with laboratories / |
| 250 | _a9th ed. | ||
| 260 |
_aMadison, Wis. : _bBrown & Benchmark Publishers, _cc1997. |
||
| 300 |
_a1 v. (various pagings) : _bcol. ill. ; _c28 cm. |
||
| 650 | 0 | _aExercise. | |
| 650 | 0 | _aPhysical fitness. | |
| 650 | 0 | _aPhysical fitness | |
| 700 | 1 | _aLindsey, Ruth, | |
| 942 | _cEK | ||
| 999 |
_c13503 _d13503 |
||